Κατάλογος Βιβλιοθηκών Mediterranean College

Γραμματική των Πολιτισμών / 9η Ανατύπωση (Record no. 3227)

MARC details
000 -LEADER
fixed length control field 01350cam a22002174a 4500
005 - ΗΜΕΡΟΜΗΝΙΑ ΚΑΙ ΩΡΑ ΤΕΛΕΥΤΑΙΑΣ ΕΝΗΜΕΡΩΣΗΣ
Πεδίο ελέγχου 20250605164109.0
008 - FIXED-LENGTH DATA ELEMENTS--GENERAL INFORMATION
Πεδίο ελέγχου σταθερού μήκους 250528s ||||||||||||||||||||||||d
035 ## - SYSTEM CONTROL NUMBER
System control number 17827
020 ## - ISBN
ISBN 9789602502198
040 ## - ΠΗΓΗ ΚΑΤΑΛΟΓΟΓΡΑΦΗΣΗΣ
Φορέας πρωτότυπης καταλογογράφησης MC Athens Campus Library
Γλώσσα καταλογογράφησης Ελληνικά, Μοντέρνα (1453-)
Modifying agency MC Athens Campus Library
Κανόνες περιγραφικής καταλογογράφησης AACR2
245 1# - ΤΙΤΛΟΣ ΚΑΙ ΔΗΛΩΣΗ ΥΠΕΥΘΥΝΟΤΗΤΑΣ
Τίτλος Γραμματική των Πολιτισμών / 9η Ανατύπωση
250 ## - EDITION STATEMENT
Edition statement
260 ## - PUBLICATION, DISTRIBUTION, ETC.
Name of publisher, distributor, etc. Μορφωτικό Ίδρυμα Εθνικής Τραπέζης,
Date of publication, distribution, etc. 2017
300 ## - PHYSICAL DESCRIPTION
Extent 792
505 0# - FORMATTED CONTENTS NOTE
Formatted contents note Αντί Προλόγου, Εισαγωγή, Γραμματική των Πολιτισμών, Οι Μη Ευρωπαϊκοί Πολιτισμοί, Το Ισλάμ και ο Μουσουλμανικός Κόσμος, Η Μαύρη Ήπειρος, Η Άπω Ανατολή, Οι Ευρώπαϊκοί Πολιτισμοί, Η Ευρώπη, Η Αμερική, Η Άλλη Ευρώπη.
520 ## - SUMMARY, ETC.
Summary, etc. Αντί Προλόγου, Εισαγωγή, Γραμματική των Πολιτισμών, Οι Μη Ευρωπαϊκοί Πολιτισμοί, Το Ισλάμ και ο Μουσουλμανικός Κόσμος, Η Μαύρη Ήπειρος, Η Άπω Ανατολή, Οι Ευρώπαϊκοί Πολιτισμοί, Η Ευρώπη, Η Αμερική, Η Άλλη Ευρώπη.
700 1# - ΠΡΟΣΘΕΤΗ ΑΝΑΓΡΑΦΗ--ΦΥΣΙΚΟ ΠΡΟΣΩΠΟ
Personal name Braudel Fernand
9 (RLIN) 2568
942 ## - ADDED ENTRY ELEMENTS (KOHA)
Koha item type Books
Holdings
Τύπος τεκμηρίου Βιβλιοθήκη Τρέχουσα τοποθεσία Barcode Αριθμός εισαγωγής Ημερομηνία απόκτησης Ταξιθετικό σύμβολο Αριθμός αντιτύπου Κατάσταση απόσυρσης Κατάσταση χαμένου Κατάσταση κατεστραμμένου Μη δανεισμός Σύνολο δανεισμών Ημερομηνία τελευταίας εμφάνισης Η τιμή ισχύει από
Books MC Athens Campus Library MC Athens Campus Library 9780000032263 7229 05/06/2025 909 BRA 1           05/06/2025 05/06/2025

MC Athens Campus Library
Πατησίων 94 & Κοδριγκτώνος 13, 104 34
Πελλήνης 8 & Πατησίων 107, 112 51
Τ: +30 210 8899600

MC Thessaloniki Campus Library
Ίωνος Δραγούμη 21, 54625 | Ίωνος Δραγούμη 15, 54625
Τ: +30 2310 287779 – Τ: +30 2314 440300